00601nam a2200157 i 4500001000700000003000900007005001700016007000300033008004100036100002800077245019300105260006000298300002100358710003800379852002600417118514ES-MaACL20230906191121.0t|070214s1911 sp r ||||1| spa d1 aPareja Garrido, José.13aLa enseñanza de la Medicina en España b: discurso leído en la solemne apertura del curso académico de 1911 a 1912 en la Universidad Literaria de Granada / cJosé Pareja Garrido. aGranada : b[s. n.], c1911 (fTip. de López Guevara) a32 p. ; c31 cm.2 aUniversidad Literaria de Granada. aES-MaACLjT-1183-F-10